000 00403nam a2200169Ia 4500
001 6149
003 IN-NITTTR
005 20251114233016.0
008 251113s9999||||xx |||||||||||||| ||eng||
040 _beng
040 _cIN-NITTTR
041 _aeng
082 _a692.5 F811C
100 _aFoster, Norman
245 0 _aConstruction estimates from take-off to bid. /
_cFoster, Norman
942 _2ddc
_cBK
999 _c8787
_d8787